Normal view
MARC view
- الربحيه - الربحيه التجاريه
Entry Topical Term
001 - CONTROL NUMBER
- control field: 58138
003 - CONTROL NUMBER IDENTIFIER
- control field: JO-AjAnu
005 - DATE AND TIME OF LATEST TRANSACTION
- control field: 20230606083521.0
008 - FIXED-LENGTH DATA ELEMENTS
- fixed length control field: 230606|| aca||aabn | a|a d
040 ## - CATALOGING SOURCE
- Original cataloging agency: JO-AjAnu
- Transcribing agency: JO-AjAnu
150 ## - HEADING--TOPICAL TERM
- Topical term or geographic name entry element: الربحيه - الربحيه التجاريه
670 ## - SOURCE DATA FOUND
- Source citation: Work cat.: (JO-AjAnu)29660: بن ابراهيم، الغالي , author 58137, تحليل الربحيه التجاريه لاتخاذ القرارات الاستثماريه في البنوك الاسلاميه: دراسه علميه